| 000 | 01037cab a22002055a 4500 | ||
|---|---|---|---|
| 001 | L151798 | ||
| 008 | 101213e2010 xxk 000 0 eng d | ||
| 035 | _a(Sirsi) u151798 | ||
| 041 | 0 | _aeng | |
| 100 | 1 | _aHopkinson, Matthew | |
| 245 | 0 | 0 | _aRecession speeds high street's decline |
| 260 | _v2010 | ||
| 490 | 0 |
_aProperty Week _v76(49) 10 December 2010, 40(1) |
|
| 520 | _aLocal Data Company's high street retail review shows that 14% of shops in 750 UK towns are empty. The last decade has seen a sea-change in shopping habits away from the high street. Uses Cross Street, Manchester as an example of the changes from comparison goods shops to service shops, food and drink. Graphics cover the increase in high street voids, high street competitor growth rates, and retail mix on UK's top 800 high streets. | ||
| 590 | _aKA | ||
| 651 | 4 |
_aUnited Kingdom _y |
|
| 690 | _aPROPERTY-COMMERCIAL PROPERTY-COMMERCIAL PROPERTY MARKET | ||
| 690 | _aPROPERTY-COMMERCIAL PROPERTY-COMMERCIAL PROPERTY FINANCE AND INVESTMENT | ||
| 942 | _n0 | ||
| 999 |
_c82854 _d82854 |
||